000 00780nam a2200229Ii 4500
003 JO-AjNU
008 230605s9999||||xx |||||||||||||| ||und||
017 _a89/8556
020 _a977-01-2293-9
040 _aJO-AjNU
_bara
_erda
_cJO-AjNU
041 _aara
050 1 4 _aQA76.M34 1990
100 3 _aطه ، محمود سرى,
_eauthor
_937722
245 0 0 _aالكمبيوتر في مجالات الحياة
264 3 1 _aالقاهرة :الهيئة المصرية للكتاب ، 1990
300 _a254ص
_bصور توضيحية
336 _atext
_btxt
_2rdacontent
337 _aunmediated
_bn
_2rdamedia
338 _avolume
_bnc
_2rdacarrier
490 0 _aالالف الكتاب الثاني
650 4 _aالحاسبات الالكترونية - برامج
_937723
999 _aA15787
_c19355
_d19355